00190nam a2200073Ia 4500008004100000082001300041100002100054245004100075240331s9999 xx 000 0 und d a297bSAH aSahabdeen, A.M.M 4aThe sufi doctrine in Tamil litrature